LEADER 01487nam a2200313 u 4500 001 000000115801 003 CaOOAMICUS 005 20090522150306.0 008 090522s2008 dcu u000 u eng r 020 $a1-56518-248-0 020 $z978-1-56518-249-3* 040 $aPUL$bita$dLDB 100 1 $aGeorge, Vensus,$cS.A.C.$0(OLS)http://pul/name/69542 245 10$aPaths to the Divine : $bancient and Indian /$cby Vensus A. George. 260 $aWashington, D.C. :$bCouncil for research in values philosophy,$cc2008. 300 $a658 p. ;$c23 cm. 490 1 $aIndian philosophical studies ;$v12 490 1 $aCultural heritage and contemporary change.$a3B, South Asia ;$v12 504 $aInclude riferimenti bibliografici. 650 4$aReligioni.$0(OLS)http://pul/subject/5652 830 0$aIndian philosophical studies ;$v12.$0(OLS)http://pul/title/145508 830 0$aCultural heritage and contemporary change.$n3B,$pSouth Asia ;$v12.$0(OLS)http://pul/title/145509 850 $aPUL 852 $aPUL$W1$xDP2 Filosofia 3$y112$m100 RVP 3.12$j132695$qDDC 21$B131691$CPULBib$Z2$F131691 $H110557 $82 941 1 $a9 996 $6020$a1-56518-248-0$9(OLS)http://pul/number/140783 996 $6020$z978-1-56518-249-3*$9(OLS)http://pul/number/140754 996 $6245$aPaths to the Divine : $bancient and Indian$9(OLS)http://pul/title/145511 996 $6260$aWashington, D.C. :$bCouncil for research in values philosophy$9(OLS)http://pul/publisher/80095 LEADER 01306nam a2200301 a 4500 001 000000120310 003 CaOOAMICUS 005 20150622115552.0 008 100224s2010 it u000 u ita r 040 $aPUL$bita$dReb 082 04$a150 100 1 $aMancia, Mauro.$0(OLS)http://pul/name/34566 245 10$aSonno & sogno /$cMauro Mancia. 260 $aMilano :$bIl Sole 24 ore,$c©2010$aRoma ; Bari :$bEditori Laterza 300 $ax, 170 p. ;$c21 cm. 490 1 $aBiblioteca del Sapere del Sole 24 Ore$aPsicologia ;$v18 500 $aEdizione speciale per il Sole 24 Ore. 504 $aBibliografia p. [143]-165. 650 4$aPsicologia$xSogni.$0(OLS)http://pul/subject/7753 650 4$aNeurofisiologia.$0(OLS)http://pul/subject/36506 830 0$aBiblioteca del Sapere del Sole 24 Ore$pPsicologia ;$v18.$0(OLS)http://pul/title/148954 850 $aPUL 852 $aPUL$W1$xDP2 Filosofia 3$y112$m150 COLL 3.18$j137933$qDDC 21$B137093$CPULBib$Z2$F137093 $H113002 $82 941 1 $a9 996 $6082$a150$9(OLS)http://pul/classification/361 996 $6245$aSonno & sogno$9(OLS)http://pul/title/151326 996 $6260$aMilano :$bIl Sole 24 ore$9(OLS)http://pul/publisher/69212 996 $6260$aRoma ; Bari :$bEditori Laterza$9(OLS)http://pul/publisher/61082 LEADER 01476nam a2200325 a 4500 001 000000138466 003 CaOOAMICUS 005 20140516101003.0 008 140516s2011 it 000 u ita r 020 $a978-88-8498-504-0 040 $aPUL$bita 082 04$a937.004 100 1 $aCracco Ruggini, Lellia,$d1931-2021.$0(OLS)http://pul/name/5562 245 14$aGli ebrei in età tardoantica :$bpresenze, intolleranze, incontri /$cLellia Cracco Ruggini. 260 $aRoma :$bEdizioni di Storia e Letteratura,$c2011. 300 $aXIV, 481 p. ;$c24 cm 490 1 $aOpuscula collecta ;$v07 500 $aScritti vari in riproduzione facsimilare delle edizioni originali. 504 $aBibliografia in nota. 650 4$aEbrei$zItalia$ySec. IV-VI.$0(OLS)http://pul/subject/40523 650 4$aEbrei$xStoria$yEvo antico.$0(OLS)http://pul/subject/28475 830 0$aOpuscula collecta ;$v07.$0(OLS)http://pul/title/174470 850 $aPUL 852 $aPUL$W1$xSL Cons. Gen., Altre Classi 3$y75$m937. 004 CRALE 1$j159700$qDDC 21$B159224$CPULBib$Z2$F159224 $H124026 $82 941 1 $a9 996 $6020$a978-88-8498-504-0$9(OLS)http://pul/number/155303 996 $6082$a937.004$9(OLS)http://pul/classification/2657 996 $6245$aGli ebrei in età tardoantica :$bpresenze, intolleranze, incontri$9(OLS)http://pul/title/175271 996 $6260$aRoma :$bEdizioni di Storia e Letteratura$9(OLS)http://pul/publisher/48123